Dấu chân người lính Tiểu thuyết T.1
v.v..
Đã lưu trong:
| Tác giả chính: | |
|---|---|
| Định dạng: | Sách |
| Năm xuất bản: |
Tp. Hồ Chí Minh
Nxb Trẻ
1999
|
| Chủ đề: | |
| Tags: |
Thêm thẻ
Không có thẻ, Hãy là người đầu tiên gắn thẻ bản ghi này!
|
| LEADER | 00962nam a2200193 4500 | ||
|---|---|---|---|
| 082 | |a 895.922334 |b NG527M | ||
| 100 | |a Nguyễn Minh Châu | ||
| 245 | |a Dấu chân người lính |c Nguyễn Minh Châu |n T.1 |b Tiểu thuyết | ||
| 260 | |a Tp. Hồ Chí Minh |b Nxb Trẻ |c 1999 | ||
| 300 | |a 268 tr. |c 19 cm. | ||
| 520 | |a v.v.. | ||
| 653 | |a Văn học hiện đại | ||
| 653 | |a Việt Nam | ||
| 653 | |a Tiểu thuyết | ||
| 942 | |2 ddc |c STK0 | ||
| 999 | |c 4780 |d 4780 | ||
| 952 | |0 0 |1 0 |2 ddc |4 0 |6 895_922334000000000_NG527M |7 0 |8 800 |9 45039 |a qbu |b qbu |c D5 |d 2014-12-20 |g 20500 |o 895.922334 NG527M |p 768.c1 |r 0000-00-00 |w 2014-12-20 |y STK0 | ||
| 952 | |0 0 |1 0 |2 ddc |4 0 |6 895_922334000000000_NG527M |7 0 |8 800 |9 45040 |a qbu |b qbu |c D5 |d 2014-12-20 |g 20500 |l 1 |o 895.922334 NG527M |p 768.c2 |r 2015-01-23 |s 2015-01-19 |w 2014-12-20 |y STK0 | ||
| 952 | |0 0 |1 0 |2 ddc |4 0 |6 895_922334000000000_NG527M |7 0 |8 800 |9 45041 |a qbu |b qbu |c D5 |d 2014-12-20 |g 20500 |l 2 |m 1 |o 895.922334 NG527M |p 768.c3 |r 2018-04-24 |s 2018-04-12 |w 2014-12-20 |y STK0 | ||